000 00569nam a2200217 a 4500
001 BRCA_5689
005 20190320205200.0
008 020311s1925----cu-#######---#001-0#spa-#
041 _aspa
044 _aCU
050 4 _aHF5001
_b.A24 1925
100 1 _aAcevedo Laborde, Rene
_914451
245 1 0 _aManual Rotario
_cRene Acevedo Laborde.
260 _aLa Habana
_bClub Rotario
_c1925
300 _a1 v. (sin paginación)
_c25 cm.
500 _aIncluye índice temático
501 _aH10
650 1 4 _aAsociaciones
_zCuba
_914452
902 _aGFM
942 _2lcc
_cB
999 _c5382
_d5382